[Event "Wuerttemberg-chT Rapid"]
[Site "Boeblingen"]
[Date "2024.04.13"]
[Round "6.14"]
[White "Trachtmann, Mark"]
[Black "Huber, Philipp"]
[Result "1-0"]
[WhiteElo "2203"]
[BlackElo "2306"]
[PlyCount "75"]
[EventDate "2024.04.13"]
[EventType "team-tourn"]
[EventRounds "9"]
[EventCountry "GER"]
[SourceTitle "CB17_2024"]
[SourceDate "2024.04.24"]
[SourceVersion "1"]
[SourceVersionDate "2024.04.24"]
[SourceQuality "1"]

1. d4 Nf6 2. c4 d6 3. Nf3 g6 4. Nc3 Bg7 5. e4 0-0 6. Be2 Na6 7. 0-0 e5 8. Be3 Qe7 9. dxe5 dxe5 10. Qc2 c6 11. a3 Ng4 12. Bg5 f6 13. Bd2 Nc5 14. h3 Nh6 15. b4 Ne6 16. Be3 g5 17. Rad1 f5 18. exf5 Nxf5 19. Ne4 Nfd4 20. Bxd4 Nxd4 21. Nxd4 exd4 22. Bg4 Bxg4 23. hxg4 Rf4 24. f3 h5 25. Rfe1 hxg4 26. Nf2 Qf7 27. Nxg4 d3 28. Rxd3 Re8 29. Rxe8+ Qxe8 30. Qd2 Qe6 31. Rd8+ Bf8 32. c5 a5 33. Qc3 axb4 34. axb4 Kf7 35. Qh8 Qe1+ 36. Kh2 Bg7 37. Rd7+ Ke6 38. Qe8+ 1-0

[Event "Neckar op 20th"]
[Site "Deizisau"]
[Date "2023.04.09"]
[Round "7"]
[White "Huber, Philipp"]
[Black "Testeshnikov, Nikita"]
[Result "1/2-1/2"]
[WhiteElo "2257"]
[BlackElo "2120"]
[PlyCount "97"]
[EventDate "2023.04.06"]
[EventType "swiss"]
[EventRounds "9"]
[EventCountry "GER"]
[SourceTitle "CBM 213 Extra"]
[Source "ChessBase"]
[SourceDate "2023.05.31"]
[SourceVersion "1"]
[SourceVersionDate "2023.05.31"]
[SourceQuality "1"]

1. d4 Nf6 2. Bg5 d5 3. Bxf6 gxf6 4. e3 c5 5. Nc3 Nc6 6. Qh5 e6 7. 0-0-0 Bd7 8. dxc5 Qa5 9. e4 d4 10. Nb5 a6 11. Nxd4 Nxd4 12. Rxd4 Qxa2 13. Rxd7 Kxd7 14. Qxf7+ Be7 15. Nf3 Raf8 16. Qg7 Qa1+ 17. Kd2 Qxb2 18. Bd3 Qb4+ 19. Ke2 Qxc5 20. e5 Rhg8 21. Qxh7 Rxg2 22. Rf1 fxe5 23. Qe4 Kc7 24. Nd4 Rgxf2+ 25. Rxf2 Rxf2+ 26. Kxf2 Qxd4+ 27. Ke2 Qxe4+ 28. Bxe4 b5 29. Kd3 Kb6 30. Bf3 Kc5 31. Bb7 a5 32. Bc8 Kb4 33. Bxe6 Ka3 34. c3 Bf6 35. Bd5 a4 36. Kc2 Bh4 37. Bc6 b4 38. cxb4 Kxb4 39. Kb2 Be7 40. Ka2 Bf6 41. Be4 Be7 42. Bc2 Kb5 43. Bd3+ Kc5 44. Bc2 Kb4 45. Bf5 Kc4 46. Bc2 a3 47. h4 Kd4 48. h5 e4 49. h6 1/2-1/2

[Event "Neckar op 20th"]
[Site "Deizisau"]
[Date "2023.04.06"]
[Round "1"]
[White "Huber, Philipp"]
[Black "Karaissaridis, Christos"]
[Result "1-0"]
[WhiteElo "2257"]
[BlackElo "1931"]
[PlyCount "91"]
[EventDate "2023.04.06"]
[EventType "swiss"]
[EventRounds "9"]
[EventCountry "GER"]
[SourceTitle "CBM 213 Extra"]
[Source "ChessBase"]
[SourceDate "2023.05.31"]
[SourceVersion "1"]
[SourceVersionDate "2023.05.31"]
[SourceQuality "1"]

1. d4 Nf6 2. Bg5 g6 3. Bxf6 exf6 4. h4 h5 5. e3 d6 6. Ne2 Bg7 7. Nf4 c6 8. Bc4 d5 9. Bb3 a5 10. a4 Na6 11. c4 dxc4 12. Bxc4 Nc7 13. Nc3 Ne6 14. Nxe6 Bxe6 15. Bxe6 fxe6 16. Qb3 Qd7 17. Ne4 0-0 18. Nc5 Qd5 19. Qxd5 exd5 20. Nxb7 Rfb8 21. Nc5 Rxb2 22. 0-0 Bf8 23. Nd3 Rb3 24. Nf4 Kf7 25. Rfc1 Ra6 26. Rc2 Ba3 27. Kf1 Rab6 28. Ke2 Bd6 29. Nd3 Ke7 30. f3 Kd7 31. Rcc1 Rb8 32. g4 hxg4 33. fxg4 Rh8 34. Rh1 Rc3 35. Kd2 Rc4 36. h5 gxh5 37. gxh5 c5 38. dxc5 Bxc5 39. h6 Bf8 40. h7 Rg4 41. Rab1 Kc6 42. Nf4 Bb4+ 43. Kd3 Rg7 44. Rh6 Be7 45. Rc1+ Kd6 46. Rch1 1-0

[Event "DSOL 03 Liga Gr-C 1st"]
[Site "Playchess.com INT"]
[Date "2020.08.05"]
[Round "7.1"]
[White "Huber, Philipp"]
[Black "Kalthoff, Peter"]
[Result "1-0"]
[WhiteElo "2166"]
[BlackElo "2013"]
[PlyCount "73"]
[EventDate "2020.06.22"]
[EventType "team-tourn (rapid)"]
[EventCountry "GER"]
[SourceTitle "EXT 2021"]
[Source "ChessBase"]
[SourceDate "2020.10.23"]
[SourceVersion "1"]
[SourceVersionDate "2020.10.23"]
[SourceQuality "1"]
[WhiteTeam "Bad Wimpfen"]
[BlackTeam "Geseke"]
[WhiteTeamCountry "GER"]
[BlackTeamCountry "GER"]

1. d4 d5 2. Bg5 c5 3. dxc5 h6 4. Bh4 g5 5. Bg3 Bg7 6. Qd3 Nc6 7. c3 e5 8. f3 Nge7 9. e4 0-0 10. h4 Be6 11. hxg5 hxg5 12. Nh3 Ng6 13. exd5 Bxd5 14. Nd2 Re8 15. Ne4 Nf4 16. Qc2 g4 17. fxg4 Qa5 18. Nhf2 Nd4 19. Qb1 Nde6 20. a4 Bb3 21. Nd2 Nxc5 22. Qh7+ Kf8 23. Nfe4 Ncd3+ 24. Bxd3 Nxd3+ 25. Ke2 Nf4+ 26. Bxf4 exf4 27. Nxb3 Qa6+ 28. Kf2 Qb6+ 29. Nbc5 Rxe4 30. Qxe4 Qxc5+ 31. Kf3 a5 32. Rh5 Qb6 33. Rah1 Qxb2 34. Rh8+ Bxh8 35. Rxh8+ Kg7 36. Qd4+ f6 37. Rxa8 1-0

[Event "DSOL 03 Liga Gr-C 1st"]
[Site "Playchess.com INT"]
[Date "2020.07.23"]
[Round "5.1"]
[White "Huber, Philipp"]
[Black "Eilenberg, Jonas"]
[Result "1/2-1/2"]
[WhiteElo "2166"]
[BlackElo "2142"]
[PlyCount "72"]
[EventDate "2020.06.22"]
[EventType "team-tourn (rapid)"]
[EventCountry "GER"]
[SourceTitle "EXT 2021"]
[Source "ChessBase"]
[SourceDate "2020.10.23"]
[SourceVersion "1"]
[SourceVersionDate "2020.10.23"]
[SourceQuality "1"]
[WhiteTeam "Bad Wimpfen"]
[BlackTeam "Koenigsjaeger Sued West"]
[WhiteTeamCountry "GER"]
[BlackTeamCountry "GER"]

1. d4 d5 2. Bg5 Nf6 3. Bxf6 exf6 4. e3 Bd6 5. Bd3 0-0 6. Qf3 c6 7. Ne2 Nd7 8. Nd2 Re8 9. g4 Nb6 10. h4 Be6 11. g5 Nc4 12. gxf6 Nxb2 13. fxg7 Nxd3+ 14. cxd3 Kxg7 15. Nf4 Kh8 16. Nxe6 fxe6 17. Ke2 e5 18. dxe5 Bxe5 19. Rab1 Re7 20. Rhg1 Qa5 21. Rg4 Qxa2 22. d4 Bg7 23. h5 Rf8 24. Rf4 Ree8 25. Rb3 b5 26. Qg4 Qc2 27. Ra3 Ra8 28. Ra6 Bh6 29. Rxf8+ Bxf8 30. Qe6 Bb4 31. Qf6+ Kg8 32. Qe6+ Kf8 33. Qf6+ Ke8 34. Qe6+ Kf8 35. Qf6+ Ke8 36. Qe6+ Kf8 1/2-1/2

[Event "DSOL 03 Liga Gr-C 1st"]
[Site "Playchess.com INT"]
[Date "2020.06.23"]
[Round "1.1"]
[White "Hagmanns, Raphael"]
[Black "Huber, Philipp"]
[Result "1/2-1/2"]
[WhiteElo "1916"]
[BlackElo "2166"]
[PlyCount "117"]
[EventDate "2020.06.22"]
[EventType "team-tourn (rapid)"]
[EventCountry "GER"]
[SourceTitle "EXT 2021"]
[Source "ChessBase"]
[SourceDate "2020.10.23"]
[SourceVersion "1"]
[SourceVersionDate "2020.10.23"]
[SourceQuality "1"]
[WhiteTeam "Aachen"]
[BlackTeam "Bad Wimpfen"]
[WhiteTeamCountry "GER"]
[BlackTeamCountry "GER"]

1. e4 c5 2. Nf3 e6 3. d4 cxd4 4. Nxd4 Bc5 5. Nb3 Bb6 6. c4 d6 7. Nc3 a6 8. Bf4 e5 9. Bd2 Ne7 10. Bd3 0-0 11. Qe2 f5 12. exf5 Nxf5 13. Ne4 Nd7 14. 0-0 h6 15. Bb4 Qe7 16. g4 Nh4 17. Bxd6 Nf3+ 18. Qxf3 Rxf3 19. Bxe7 Rxd3 20. c5 Kf7 21. Bh4 Bc7 22. Rad1 Rxd1 23. Rxd1 Nf6 24. Nxf6 gxf6 25. f3 Be6 26. Rd3 e4 27. fxe4 Rg8 28. h3 h5 29. Bg3 Be5 30. Bxe5 fxe5 31. Kf2 hxg4 32. h4 Ke7 33. Kg3 Rf8 34. a3 Rf1 35. Na5 Re1 36. Nxb7 Rxe4 37. b4 Rd4 38. Re3 Bd5 39. Nd6 Ke6 40. h5 Bf3 41. h6 Rd1 42. h7 Rg1+ 43. Kf2 Rg2+ 44. Kf1 Rh2 45. Rxe5+ Kxe5 46. h8Q+ Rxh8 47. Nf7+ Kd4 48. Nxh8 Kc4 49. Ng6 Kb3 50. Ne5 Bd5 51. Nxg4 Kxa3 52. Ne3 Kxb4 53. Nxd5+ Kxc5 54. Ne3 Kd4 55. Ke2 Kc3 56. Kd1 Kb2 57. Nc2 a5 58. Kd2 a4 59. Kd1 1/2-1/2

[Event "GER Cup Net V4 U2400"]
[Site "Playchess.com INT"]
[Date "2020.05.31"]
[Round "3"]
[White "Huber, Philipp"]
[Black "Koelle, Tobias"]
[Result "0-1"]
[WhiteElo "2161"]
[BlackElo "2301"]
[PlyCount "102"]
[EventDate "2020.05.31"]
[EventType "swiss (blitz)"]
[EventRounds "9"]
[EventCountry "GER"]
[SourceTitle "EXT 2021"]
[Source "ChessBase"]
[SourceDate "2020.10.23"]
[SourceVersion "1"]
[SourceVersionDate "2020.10.23"]
[SourceQuality "1"]

1. d4 Nf6 2. Bg5 d5 3. Bxf6 exf6 4. e3 Bd6 5. Bd3 0-0 6. Qf3 c5 7. c3 cxd4 8. exd4 Bc7 9. Ne2 Nc6 10. Nd2 Re8 11. 0-0-0 Rb8 12. g4 b5 13. Kb1 b4 14. c4 dxc4 15. Nxc4 Bb7 16. Be4 Qd7 17. d5 Ne5 18. Nxe5 Bxe5 19. Nd4 b3 20. Nxb3 Ba6 21. Qf5 Qxf5 22. Bxf5 Bc4 23. d6 Bxb3 24. axb3 Rxb3 25. Rd2 g6 26. d7 Rd8 27. Be4 Rb4 28. f3 Kf8 29. Bc6 Ke7 30. Re1 g5 31. Ka2 Rb6 32. Ba4 Rb4 33. b3 a6 34. Rc2 Rd4 35. Ree2 Rd1 36. b4 Ra1+ 37. Kb3 Rb1+ 38. Kc4 Ra1 39. Bc6 Rd1 40. Kc5 Rb1 41. Rc4 Rb8 42. Rd4 Rc1+ 43. Rc4 Rd1 44. Rce4 Kd8 45. Rxe5 fxe5 46. Rxe5 Kc7 47. Re7 Rc1+ 48. Kd5 Rxc6 49. Rxf7 Rd6+ 50. Ke5 Rxd7 51. Rf6 Rb5+ 0-1

[Event "GER Cup Net V4 U2400"]
[Site "Playchess.com INT"]
[Date "2020.05.31"]
[Round "8"]
[White "Huber, Philipp"]
[Black "Koellner, Ruben Gideon"]
[Result "1/2-1/2"]
[WhiteElo "2161"]
[BlackElo "2022"]
[PlyCount "132"]
[EventDate "2020.05.31"]
[EventType "swiss (blitz)"]
[EventRounds "9"]
[EventCountry "GER"]
[SourceTitle "EXT 2021"]
[Source "ChessBase"]
[SourceDate "2020.10.23"]
[SourceVersion "1"]
[SourceVersionDate "2020.10.23"]
[SourceQuality "1"]

1. d4 d6 2. Bg5 Nd7 3. e4 Ngf6 4. Nc3 e5 5. Nf3 Be7 6. Be2 h6 7. Bh4 c6 8. a4 0-0 9. 0-0 a5 10. Qd3 Qc7 11. h3 b6 12. Rad1 Re8 13. d5 Nc5 14. Qe3 cxd5 15. Bxf6 Bxf6 16. Nxd5 Qd8 17. b3 Bb7 18. Bb5 Rf8 19. Rd2 Bxd5 20. Rxd5 Qc7 21. Rfd1 Be7 22. Nd2 Rfd8 23. Nc4 Rab8 24. f3 Ne6 25. c3 Nf4 26. R5d2 d5 27. exd5 Bc5 28. Rd4 exd4 29. cxd4 Bd6 30. Qe4 Qe7 31. Qf5 g6 32. Qb1 Qf6 33. Ne3 Ne2+ 34. Bxe2 Re8 35. Ng4 Qg5 36. Bb5 Re7 37. Bc6 h5 38. Ne5 Bxe5 39. dxe5 Qxe5 40. d6 Re6 41. d7 Qc5+ 42. Kh1 Rxc6 43. d8Q+ Rxd8 44. Rxd8+ Kh7 45. Rd1 Qc2 46. Qxc2 Rxc2 47. Rd6 b5 48. axb5 Rc3 49. Ra6 Rxb3 50. Rxa5 Kg7 51. Kg1 Kf6 52. Kf2 Rb2+ 53. Kg3 h4+ 54. Kh2 Rb1 55. Ra6+ Kf5 56. b6 f6 57. Ra4 g5 58. Ra6 Ke5 59. Ra5+ Ke6 60. Ra6 Kd5 61. b7 Ke5 62. Ra7 Kf5 63. Ra5+ Kg6 64. Ra7 Kf5 65. Ra5+ Kg6 66. Ra7 Kf5 1/2-1/2

[Event "GER Cup Net V4 U2400"]
[Site "Playchess.com INT"]
[Date "2020.05.31"]
[Round "1"]
[White "Lesny, Florian"]
[Black "Huber, Philipp"]
[Result "0-1"]
[WhiteElo "1910"]
[BlackElo "2161"]
[PlyCount "46"]
[EventDate "2020.05.31"]
[EventType "swiss (blitz)"]
[EventRounds "9"]
[EventCountry "GER"]
[SourceTitle "EXT 2021"]
[Source "ChessBase"]
[SourceDate "2020.10.23"]
[SourceVersion "1"]
[SourceVersionDate "2020.10.23"]
[SourceQuality "1"]

1. e4 c5 2. Nf3 e6 3. d4 cxd4 4. Nxd4 Bc5 5. Nb3 Bb6 6. Nc3 Ne7 7. Be2 0-0 8. 0-0 f5 9. exf5 Nxf5 10. Bf3 d5 11. Qe2 Nc6 12. g3 Nfd4 13. Nxd4 Nxd4 14. Qd3 Rxf3 15. Qd1 Qf6 16. Be3 Bd7 17. Bf4 Rf8 18. Ne2 Nxe2+ 19. Qxe2 Rxf4 20. gxf4 Qxf4 21. Rad1 Rf6 22. c3 Bc6 23. Rfe1 Bxf2+ 0-1

[Event "GER Cup Net V3 U2400"]
[Site "Playchess.com INT"]
[Date "2020.05.27"]
[Round "3"]
[White "Huber, Philipp"]
[Black "Richter, Nils"]
[Result "1-0"]
[WhiteElo "2188"]
[BlackElo "2015"]
[PlyCount "61"]
[EventDate "2020.05.27"]
[EventType "swiss (blitz)"]
[EventRounds "9"]
[EventCountry "GER"]
[SourceTitle "EXT 2021"]
[Source "ChessBase"]
[SourceDate "2020.10.23"]
[SourceVersion "1"]
[SourceVersionDate "2020.10.23"]
[SourceQuality "1"]

1. d4 Nf6 2. Bg5 g6 3. Bxf6 exf6 4. h4 h5 5. e3 Bg7 6. Bc4 d5 7. Bb3 c6 8. Nd2 Nd7 9. c4 dxc4 10. Nxc4 Nb6 11. Nxb6 axb6 12. Ne2 0-0 13. 0-0 Bg4 14. Qc2 Bf5 15. e4 Be6 16. Bxe6 fxe6 17. Qb3 Kh7 18. Nf4 Re8 19. Qg3 g5 20. Nxh5 Qb8 21. Qd3 gxh4 22. g3 Ra5 23. e5+ f5 24. Kg2 Qd8 25. Rh1 Kg8 26. Rxh4 Bxe5 27. Qe3 Bf6 28. Qh6 Bxd4 29. Nf4 Qf6 30. Qh7+ Kf8 31. Ng6+ 1-0

[Event "GER Cup Net V3 U2400"]
[Site "Playchess.com INT"]
[Date "2020.05.27"]
[Round "6"]
[White "Huber, Philipp"]
[Black "Spitzl, Vinzent"]
[Result "1-0"]
[WhiteElo "2217"]
[BlackElo "2047"]
[PlyCount "61"]
[EventDate "2020.05.27"]
[EventType "swiss (blitz)"]
[EventRounds "9"]
[EventCountry "GER"]
[SourceTitle "EXT 2021"]
[Source "ChessBase"]
[SourceDate "2020.10.23"]
[SourceVersion "1"]
[SourceVersionDate "2020.10.23"]
[SourceQuality "1"]

1. d4 d5 2. Bg5 Nf6 3. Bxf6 exf6 4. e3 Bd6 5. Bd3 c6 6. Nd2 0-0 7. Qf3 Be6 8. g4 Nd7 9. Ne2 c5 10. c3 a6 11. Nf4 cxd4 12. exd4 b5 13. Nxd5 Bxd5 14. Qxd5 Re8+ 15. Kf1 Nb6 16. Qf3 Na4 17. Rb1 Qc7 18. Ne4 Bf4 19. Kg2 Rad8 20. a3 Nb6 21. Nc5 Nd5 22. Be4 Nb6 23. Rbe1 a5 24. Re2 Qd6 25. Rhe1 Rb8 26. Bxh7+ Kxh7 27. Rxe8 Rxe8 28. Rxe8 Nd5 29. Nd3 Bh6 30. Qf5+ g6 31. Qc8 1-0

[Event "GER-ch Net Amateur Gr-A Final"]
[Site "Playchess.com INT"]
[Date "2020.04.18"]
[Round "5"]
[White "Huber, Philipp"]
[Black "Cofman, Veaceslav"]
[Result "1-0"]
[WhiteElo "2098"]
[BlackElo "2197"]
[PlyCount "63"]
[EventDate "2020.04.18"]
[EventType "swiss (blitz)"]
[EventRounds "13"]
[EventCountry "GER"]
[SourceTitle "CBM 195 Extra"]
[Source "ChessBase"]
[SourceDate "2020.05.31"]
[SourceVersion "1"]
[SourceVersionDate "2020.05.31"]
[SourceQuality "1"]

1. d4 Nf6 2. Bg5 d5 3. Bxf6 exf6 4. e3 c6 5. Bd3 Bd6 6. Nd2 0-0 7. Qf3 Re8 8. Ne2 Nd7 9. g4 Nf8 10. h4 c5 11. c3 cxd4 12. exd4 Ne6 13. 0-0-0 Bd7 14. Kb1 Qc7 15. Rdg1 Nf4 16. Nxf4 Bxf4 17. Nb3 b6 18. g5 f5 19. h5 Qd6 20. Rh4 Bh2 21. Rh1 a5 22. Nc1 b5 23. R4xh2 b4 24. cxb4 Qxb4 25. Bxf5 Bxf5+ 26. Qxf5 Rab8 27. f3 Qxd4 28. g6 fxg6 29. hxg6 h6 30. Qf7+ Kh8 31. Rxh6+ gxh6 32. Qh7# 1-0

[Event "Karlsruhe Grenke op"]
[Site "Karlsruhe"]
[Date "2019.04.21"]
[Round "6"]
[White "Stark, Lars"]
[Black "Huber, Philipp"]
[Result "1-0"]
[WhiteElo "2362"]
[BlackElo "2208"]
[PlyCount "81"]
[EventDate "2019.04.18"]
[EventType "swiss"]
[EventRounds "9"]
[EventCountry "GER"]
[SourceTitle "CBM 189 Extra"]
[Source "ChessBase"]
[SourceDate "2019.06.03"]
[SourceVersion "1"]
[SourceVersionDate "2019.06.03"]
[SourceQuality "1"]

1. c4 Nf6 2. g3 g6 3. Bg2 d5 4. Nf3 Bg7 5. Qa4+ c6 6. cxd5 Nxd5 7. Nc3 Nb6 8. Qc2 e5 9. d3 0-0 10. Bg5 f6 11. Bd2 Be6 12. 0-0 Na6 13. Rfc1 Qd7 14. Ne4 Kh8 15. Nc5 Nxc5 16. Qxc5 Rfd8 17. b4 Qf7 18. Qc2 Rd7 19. Rcb1 Rad8 20. a4 g5 21. a5 Nc8 22. a6 bxa6 23. Rxa6 Ne7 24. Qc5 Nf5 25. e4 Ne7 26. Ne1 Bf8 27. Qa5 Rb8 28. Rc1 Rbb7 29. Be3 Ng8 30. Bd2 Rb5 31. Qa3 Rdb7 32. Rcxc6 Bd7 33. Rc4 Be6 34. Rcc6 Bd7 35. Rc1 Bg4 36. Nc2 Be2 37. Re1 Qh5 38. Rxa7 Rxa7 39. Qxa7 Bxd3 40. Qd7 Be2 41. Ne3 1-0

[Event "Riga Tech op 8th"]
[Site "Riga"]
[Date "2018.08.07"]
[Round "3"]
[White "Merry, Alan B"]
[Black "Huber, Philipp"]
[Result "1/2-1/2"]
[WhiteElo "2445"]
[BlackElo "2189"]
[PlyCount "67"]
[EventDate "2018.08.06"]
[EventType "swiss"]
[EventRounds "9"]
[EventCountry "LAT"]
[SourceTitle "CBM 185 Extra"]
[Source "ChessBase"]
[SourceDate "2018.07.29"]
[SourceVersion "1"]
[SourceVersionDate "2018.07.29"]
[SourceQuality "1"]

1. e4 c5 2. Nf3 e6 3. g3 Nc6 4. Bg2 Nf6 5. d3 d6 6. 0-0 Be7 7. Nbd2 0-0 8. c3 Qc7 9. a3 b5 10. b3 Bb7 11. Bb2 d5 12. Re1 dxe4 13. dxe4 Rfd8 14. Qe2 c4 15. a4 bxa4 16. b4 Ba6 17. Rxa4 Bb5 18. Ra2 a6 19. Qd1 Nd7 20. Qc2 Rac8 21. Nb1 Nde5 22. Nxe5 Nxe5 23. Na3 Rd3 24. Bc1 Bf6 25. Nb1 Rcd8 26. Be3 R3d7 27. Qe2 Nd3 28. Rf1 Nxb4 29. cxb4 c3 30. Qc2 Bd3 31. Qb3 Bc4 32. Qc2 Bd3 33. Qb3 Bc4 34. Qc2 1/2-1/2

[Event "Deizisau op 12th"]
[Site "Deizisau"]
[Date "2017.10.29"]
[Round "3"]
[White "Amtmann, Florian"]
[Black "Huber, Philipp"]
[Result "1/2-1/2"]
[WhiteElo "2101"]
[BlackElo "2212"]
[PlyCount "206"]
[EventDate "2017.10.28"]
[EventType "swiss"]
[EventRounds "7"]
[EventCountry "GER"]
[SourceTitle "CBM 181 Extra"]
[Source "ChessBase"]
[SourceDate "2017.12.12"]
[SourceVersion "1"]
[SourceVersionDate "2017.12.12"]
[SourceQuality "1"]

1. e4 c5 2. d4 cxd4 3. c3 d3 4. Bxd3 Nc6 5. Nf3 d6 6. 0-0 g6 7. h3 Bg7 8. c4 Nf6 9. Nc3 0-0 10. Be3 Nd7 11. Rc1 Nde5 12. Be2 Nxf3+ 13. Bxf3 Qa5 14. a3 Be6 15. Be2 Rac8 16. Qd2 Rfe8 17. Rfd1 a6 18. Rc2 f5 19. f4 fxe4 20. Nxe4 Bf5 21. Bd3 Qxd2 22. Rcxd2 Na5 23. Rc2 b5 24. cxb5 Rxc2 25. Bxc2 axb5 26. g4 Be6 27. Nc3 Nc4 28. Bc1 Nxa3 29. Be4 Bxc3 30. bxc3 Nc4 31. f5 Bf7 32. Bg5 Ne5 33. Bf4 Rc8 34. Bxe5 dxe5 35. fxg6 hxg6 36. Rd3 Kg7 37. Kf2 Rc7 38. Ke1 Ra7 39. Bd5 Bxd5 40. Rxd5 Kf6 41. Rxb5 Ra2 42. h4 Rh2 43. h5 gxh5 44. gxh5 Kf5 45. Rb7 e6 46. Rf7+ Ke4 47. Re7 Ke3 48. Kf1 Rxh5 49. Rxe6 e4 50. c4 Rf5+ 51. Ke1 Ra5 52. Kd1 Rc5 53. Ke1 Rxc4 54. Kf1 Rc1+ 55. Kg2 Rc2+ 56. Kf1 Rf2+ 57. Ke1 Rh2 58. Kf1 Rh1+ 59. Kg2 Ra1 60. Re8 Ra7 61. Kf1 Rf7+ 62. Ke1 Rh7 63. Kf1 Ra7 64. Re6 Ra4 65. Re8 Ra1+ 66. Kg2 Kd3 67. Kf2 Ra2+ 68. Ke1 Rh2 69. Re7 Ke3 70. Kf1 Rh1+ 71. Kg2 Re1 72. Ra7 Rd1 73. Re7 Rd4 74. Kf1 Ra4 75. Re8 Rd4 76. Ke1 Rb4 77. Kf1 Rb1+ 78. Kg2 Rc1 79. Re7 Kd3 80. Kf2 Rc2+ 81. Ke1 Rc5 82. Kf2 Rf5+ 83. Ke1 Rf8 84. Re6 Rh8 85. Re7 Rh3 86. Re8 Ke3 87. Kf1 Rh6 88. Re7 Rb6 89. Re8 Rb1+ 90. Kg2 Rb4 91. Kf1 Rb1+ 92. Kg2 Kd3 93. Kf2 Rb2+ 94. Ke1 Rh2 95. Re7 Rh4 96. Re8 Rh1+ 97. Kf2 Rh2+ 98. Ke1 Ke3 99. Kf1 Rh4 100. Re7 Rf4+ 101. Ke1 Kf3 102. Re8 Rf7 103. Re6 Rh7 1/2-1/2

[Event "Baden OL 0102"]
[Site "Germany"]
[Date "2001.11.11"]
[Round "2.6"]
[White "Fiedler, Joerg"]
[Black "Huber, Philipp"]
[Result "1/2-1/2"]
[WhiteElo "2040"]
[BlackElo "2253"]
[PlyCount "120"]
[EventDate "2001.10.07"]
[EventType "team"]
[EventRounds "9"]
[EventCountry "GER"]
[SourceTitle "EXT 2003"]
[Source "ChessBase"]
[SourceDate "2002.11.25"]
[SourceVersion "1"]
[SourceVersionDate "2002.11.25"]
[SourceQuality "1"]
[WhiteTeam "Konstanz"]
[BlackTeam "Eppingen II"]
[WhiteTeamCountry "GER"]
[BlackTeamCountry "GER"]

1. e4 c5 2. Nc3 Nc6 3. f4 g6 4. Nf3 Bg7 5. Bb5 Nd4 6. Nxd4 cxd4 7. Ne2 a6 8. Bd3 b5 9. 0-0 Bb7 10. b3 Qb6 11. Kh1 h5 12. Bb2 h4 13. h3 e5 14. Ng1 Nf6 15. fxe5 Nh5 16. Nf3 Ng3+ 17. Kg1 Nxf1 18. Qxf1 g5 19. Bxd4 Qg6 20. Qe1 Bc6 21. c3 Rg8 22. Bf2 g4 23. Nxh4 Qe6 24. hxg4 Bxe5 25. Bc2 Qxg4 26. d4 Bf6 27. Bd1 Qh3 28. Kf1 Qh1+ 29. Ke2 Qxe1+ 30. Bxe1 Bxe4 31. g3 0-0-0 32. Nf3 Rde8 33. Kf2 Rh8 34. Be2 Bb7 35. Bd2 Bd8 36. Bf4 f6 37. a4 bxa4 38. Rxa4 Re6 39. Rc4+ Rc6 40. Rxc6+ dxc6 41. Nh4 Bc7 42. Be3 Kb8 43. b4 Bc8 44. Bf3 Rg8 45. g4 Bxg4 46. Bxc6 Bh3 47. Ke2 f5 48. c4 Rg3 49. Bf2 Rb3 50. b5 axb5 51. Bxb5 Bg4+ 52. Kf1 f4 53. Bc6 Rb2 54. Kg2 Ba5 55. Nf3 Kc7 56. Be4 Bc3 57. d5 Bb4 58. Ne5 Re2 59. Nxg4 Rxe4 60. c5 Rc4 1/2-1/2